000
00335cam a2200145ua 4500
020
_a
9788185749099
082
_a
621.815
_b
SHA/MA
100
_a
Sharma, P C .
245
_a
Machine design /
250
_a
9 /
260
_a
Delhi :
_b
S K Kataria and sons ,
_c
1999.
300
_a
1168 ; .
700
1
_a
Aggarwal, D K .
942
_c
BK
999
_c
6349
_d
6349